Paesi più vicini a Cuba - Sprint di un minuto - Statistics

Statistiche generali
  • Questo quiz è stato fatto 28 volte
  • Il punteggio medio è 11 su 20
Statistiche sulle risposte
km nazione % Corretto
197 Messico
92%
149 Stati Uniti
92%
85 Haiti
83%
255 Repubblica Dominicana
83%
89 Bahamas
79%
509 Belize
79%
940 El Salvador
79%
146 Giamaica
79%
642 Honduras
71%
1168 Costa Rica
67%
630 Guatemala
67%
1151 Panama
67%
716 Nicaragua
50%
968 Venezuela
50%
891 Colombia
46%
1179 Francia
21%
1014 Curaçao
8%
943 Aruba
4%
1181 Sint Maarten
4%
1181 Paesi Bassi
0%
Nessun quiz corrispondente trovato
Distribuzione punteggi
Percentuale di utenti per punteggio
Percentile per numero di risposta
I tuoi punteggi nel tempo
Non hai fatto questo quiz